000 01218nam0a22002891 4500
001 rc\4909278
005 20260407121653.0
021 _aRU
_b[65-94655]
035 _a(NLR Aleph) 008933961
090 _a8902812
_c8902812
100 _a20130426d1965 |||y0rusy50 ca
101 0 _arus
102 _aRU
105 _aa z |||||
200 1 _aФизико-химические и технологические исследования минерального сырья
_e[Сборник статей
_fОтв. ред.: д-р хим. наук И.С. Канцепольский и канд. техн. наук С.С. Касымова]
_gАкад. наук УзССР. Ин-т химии
210 _aТашкент
_cНаука
_d1965
215 _a217 с.
_cил.
_d22
320 _aБиблиогр. в конце статей
606 _aХимическая технология
_jСборники
_2psbo
702 1 _aКанцепольский
_bИ.С.
_4340
702 1 _aКасымова
_bС.С.
_4340
712 0 2 _aИнститут химии
_cТашкент
_3RU\NLR\AUTH\889956140
_9408398
801 0 _aRU
_bNLR
_gpsbo
801 1 _aRU
_bELAR
_2rusmarc
852 _aNLR
_j65-5/5667
942 _cBOOK
980 _aNB